Southville International School and Colleges
Your cart is empty.
  • Cart
  • Lists
    Public lists Eva Luna New books Lux_list list_1
    Your lists Log in to create your own lists
  • Log in to your account
  • Your cookies
  • Search history
Southville International School and Colleges
  • Advanced search
  • Recent comments
  • Most popular
  • Libraries

Log in to your account

Log in with GOOGLE


If you do not have an external account, but do have a local account, you can still log in:

  1. Home
  2. MARC view: Hansel and Gretel :
Normal view MARC view ISBD view

Hansel and Gretel : (Record no. 103788)

[ view plain ]
MARC details
000 -LEADER
fixed length control field 00583nam a2200181 a 4500
005 - DATE AND TIME OF LATEST TRANSACTION
control field 20140412111308.0
008 - FIXED-LENGTH DATA ELEMENTS--GENERAL INFORMATION
fixed length control field 010503s19uu xx 00 eng d
020 ## - INTERNATIONAL STANDARD BOOK NUMBER
International Standard Book Number 0-86288-017-3
050 ## - LIBRARY OF CONGRESS CALL NUMBER
Classification number TR(PS E
Item number Ha19 1992
100 ## - MAIN ENTRY--PERSONAL NAME
Personal name Hastings, Elizabeth
245 ## - TITLE STATEMENT
Title Hansel and Gretel :
Statement of responsibility, etc retold by Elizabeth Hastings; illustrated by Gini Wade.
Remainder of title the Brothers Grimm /
260 ## - PUBLICATION, DISTRIBUTION, ETC. (IMPRINT)
Place of publication, distribution, etc London :
Name of publisher, distributor, etc Greenwich Editions,
Date of publication, distribution, etc 1992.
300 ## - PHYSICAL DESCRIPTION
Extent 1 v. (unp.) ; ill.
440 ## - SERIES STATEMENT/ADDED ENTRY--TITLE
Title Finger puppet stories
650 ## - SUBJECT ADDED ENTRY--TOPICAL TERM
Topical term or geographic name as entry element Brothers and sisters-Fiction
650 ## - SUBJECT ADDED ENTRY--TOPICAL TERM
Topical term or geographic name as entry element Children's stories
Holdings
Withdrawn status Lost status Damaged status Home library Current library Shelving location Date acquired Source of acquisition Total Checkouts Full call number Barcode Date last seen Price effective from Koha item type
      Elizalde Library Elizalde Library Teachers Reference Section 05/03/2001     TR(PS E Ha19 1992 E5883 04/12/2014 04/12/2014 Books

Hansel and Gretel :

APA

Hastings E., . (1992). Hansel and Gretel. London: Greenwich Editions.

Chicago

Hastings Elizabeth, . 1992. Hansel and Gretel. London: Greenwich Editions.

Harvard

Hastings E., . (1992). Hansel and Gretel. London: Greenwich Editions.

MLA

Hastings Elizabeth, . Hansel and Gretel. London: Greenwich Editions. 1992.

  • Place hold
  • Print
  • Cite
  • Add to your cart (remove)
  • Save record
    BIBTEX Dublin Core MARCXML MARC (non-Unicode/MARC-8) MARC (Unicode/UTF-8) MARC (Unicode/UTF-8, Standard) MODS (XML) RIS
  • More searches
    Search for this title in:
    Other Libraries (WorldCat) Other Databases (Google Scholar) Online Stores (Bookfinder.com) Open Library (openlibrary.org)

Exporting to Dublin Core...

SOUTHVILLE LIBRARY

Southville International School and Colleges Library

1281 Tropical Ave. Cor. Luxembourg St., BF Homes International, Las Pinas City

Tel. No. 8256374 / 252358 Loc. 117/146

Powered by Koha